| 000 | 00962cam a2200289 i 4500 | ||
|---|---|---|---|
| 001 | 11147627 | ||
| 003 | EG-ScBUE | ||
| 005 | 20250716101812.0 | ||
| 008 | 740701s1966 nyuax f 0 1 a0eng d | ||
| 035 | _a(OCoLC)ocm00933141 | ||
| 040 |
_aDLC _beng _erda _cOClU _dNSDP _dDLC _dOCoLC _dOCoLC _dOCoLC _dAIP _dOCoLC _dDLC _dNSDP _dNST _dCaOONL _dMH _dOCoLC _dNLGGC _dDLC _dEG-ScBUE |
||
| 082 | 0 | 4 |
_a541.37 _222 _bMOD |
| 245 | 0 | 0 |
_aModern aspects of electrochemistry. _nNo.4 / _cedited by J. O'M. Bockris. |
| 264 | 1 |
_aNew York : _bPlenum Press, _c1966. |
|
| 300 |
_a316 pages : _billustrations ; _c20 cm |
||
| 336 |
_2rdacontent _atext _btxt |
||
| 337 |
_aunmediated _2rdamedia _bn |
||
| 338 |
_avolume _bnc _2rdacarrier |
||
| 500 | _aIncludes index. | ||
| 650 | 7 |
_aElectrochemistry. _2BUEsh _97098 |
|
| 655 | _vReading book | ||
| 700 | 1 |
_aBockris, J. O'M., _eeditor. |
|
| 942 |
_2ddc _cBB |
||
| 999 |
_c12076 _d12076 |
||